On the Shape of the Boundary of Adsorption Lines of Molecules under the Limited Volume; Materials Science Forum; Vol. 906 : Materials and Processing Technology

Bibliografiske detaljer
Parent link:Materials Science Forum: Scientific Journal
Vol. 906 : Materials and Processing Technology.— 2017.— [P. 16-25]
Hovedforfatter: Starikov V. I. Vitaly Ivanovich
Institution som forfatter: Национальный исследовательский Томский политехнический университет (ТПУ) Юргинский технологический институт (филиал) (ЮТИ) Кафедра информационных систем (ИС)
Andre forfattere: Chernysheva T. Yu. Tatiana Yurievna, Knauss E.
Summary:Title screen
The authors complete calculations of the boundary of adsorption lines of CO and CO[2]molecules under the limited volume. The cells with the transverse size from 10 to 200 nm are considered. The inaccuracy of the half-breadth of the lines appearing when the cylindrical and spherical cells are modeled with rectangular cells was estimated. When calculating the shifts and the half-breadth of the lines of CO and CO[2] molecules the authors consider the model in which CO and CO[2] molecules adsorbed on the walls of the pore may cease their rotational motion.
Режим доступа: по договору с организацией-держателем ресурса
Sprog:engelsk
Udgivet: 2017
Fag:
Online adgang:http://dx.doi.org/10.4028/www.scientific.net/MSF.906.16
Format: MixedMaterials Electronisk Book Chapter
KOHA link:https://koha.lib.tpu.ru/cgi-bin/koha/opac-detail.pl?biblionumber=657570

MARC

LEADER 00000nla2a2200000 4500
001 657570
005 20231102030212.0
035 |a (RuTPU)RU\TPU\network\24100 
035 |a RU\TPU\network\22482 
090 |a 657570 
100 |a 20180215a2017 k y0engy50 ba 
101 0 |a eng 
102 |a CH 
105 |a y z 100zy 
135 |a drgn ---uucaa 
181 0 |a i  
182 0 |a b 
200 1 |a On the Shape of the Boundary of Adsorption Lines of Molecules under the Limited Volume  |f V. I. Starikov, T. Yu. Chernysheva, E. Knauss 
203 |a Text  |c electronic 
300 |a Title screen 
330 |a The authors complete calculations of the boundary of adsorption lines of CO and CO[2]molecules under the limited volume. The cells with the transverse size from 10 to 200 nm are considered. The inaccuracy of the half-breadth of the lines appearing when the cylindrical and spherical cells are modeled with rectangular cells was estimated. When calculating the shifts and the half-breadth of the lines of CO and CO[2] molecules the authors consider the model in which CO and CO[2] molecules adsorbed on the walls of the pore may cease their rotational motion. 
333 |a Режим доступа: по договору с организацией-держателем ресурса 
461 0 |0 (RuTPU)RU\TPU\network\24092  |t Materials Science Forum  |o Scientific Journal 
463 0 |0 (RuTPU)RU\TPU\network\24089  |t Vol. 906 : Materials and Processing Technology  |o International conference, September 2017, Yurga, Russia  |o [proceedings]  |f National Research Tomsk Polytechnic University (TPU) ; ed. D. A. Chinakhov  |v [P. 16-25]  |d 2017 
610 1 |a электронный ресурс 
610 1 |a труды учёных ТПУ 
610 1 |a Boundary of the Adsorption Line 
610 1 |a Collision against the Walls 
610 1 |a Influence of the Cell Flexion 
610 1 |a границы 
610 1 |a столкновения 
610 1 |a адсорбционные линии 
700 1 |a Starikov  |b V. I.  |c physicist  |c Professor of Yurga technological Institute of Tomsk Polytechnic University, doctor of physical and mathematical Sciences  |f 1955-  |g Vitaly Ivanovich  |2 stltpush  |3 (RuTPU)RU\TPU\pers\34163  |9 17703 
701 1 |a Chernysheva  |b T. Yu.  |c specialist in the field of informatics and computer engineering  |c Associate Professor of Yurga technological Institute of Tomsk Polytechnic University, Candidate of technical sciences  |f 1974-  |g Tatiana Yurievna  |2 stltpush  |3 (RuTPU)RU\TPU\pers\35630  |9 18799 
701 1 |a Knauss  |b E. 
712 0 2 |a Национальный исследовательский Томский политехнический университет (ТПУ)  |b Юргинский технологический институт (филиал) (ЮТИ)  |b Кафедра информационных систем (ИС)  |h 1492  |2 stltpush  |3 (RuTPU)RU\TPU\col\18893 
801 2 |a RU  |b 63413507  |c 20180215  |g RCR 
856 4 |u http://dx.doi.org/10.4028/www.scientific.net/MSF.906.16 
942 |c CF